Un estrato de referencia alternativo para el índice de precios al consumo de Chile

Saved in:
書目詳細資料
主要作者: Avello Avila, Ricardo (Author)
格式: 圖書
語言:西班牙语
出版: Santiago Universidad de Santiago de Chile 1990
主題:
標簽: 添加標簽
沒有標簽, 成為第一個標記此記錄!

MARC

LEADER 00000nam a2200000 a 4500
001 UCX2562
003 CL-VaPUC
008 910626e19900000CL |||||||||||||||||spa|d
082 0 4 |a 336.271  |b AVE  |2 21 
100 0 |a Avello Avila, Ricardo  |e author  |9 318527 
245 1 3 |a Un estrato de referencia alternativo para el índice de precios al consumo de Chile 
246 1 0 |a Encuentro anual de economistas de Chile 1990 
300 |a 49 p 
942 |c BK 
945 |d 19910626 00:00:00 
260 |a Santiago  |b Universidad de Santiago de Chile  |c 1990 
650 7 |a INDICE DE PRECIOS AL CONSUMIDOR  |2 CL-VaPUC  |9 318528 
650 0 |a Costo y nivel de vida  |9 318529 
583 |a last modification  |c 19910626 00:00:00  |k Rodrigo Vera 
999 |c 223555  |d 223553 
952 |0 0  |1 0  |4 0  |6 336_271000000000000_AVE_1990  |7 0  |8 A  |9 219473  |a BIBENE  |b BIBENE  |d 2019-11-15  |i 2882000  |o 336.271 AVE 1990  |p 2882000  |r 2025-01-15  |w 2019-11-15  |y BK  |k ICO